[Event "Hoogovens"]
[Site "Wijk aan Zee"]
[Date "1992.01.??"]
[Round "12"]
[White "Van der Wiel, John"]
[Black "Nunn, John DM"]
[Result "0-1"]
[WhiteElo "2540"]
[BlackElo "2615"]
[Annotator "Blatny,P"]
[PlyCount "84"]
[EventDate "1992.01.??"]
[EventType "tourn"]
[EventRounds "13"]
[EventCountry "NED"]
[EventCategory "14"]
[SourceTitle "CBM 028"]
[Source "ChessBase"]
[SourceDate "1992.06.01"]
[SourceVersion "1"]
[SourceVersionDate "1992.06.01"]
[SourceQuality "1"]

1. e4 c5 2. Nf3 Nc6 3. d4 cxd4 4. Nxd4 Nf6 5. Nc3 e5 6. Ndb5 d6 7. Bg5 a6 8.
Na3 b5 9. Bxf6 gxf6 10. Nd5 Bg7 11. Bd3 (11. g3 {--> Berg-Hansen CBM23}) (11.
c3 {--> Hector-Hansen CBM23}) 11... Ne7 (11... Be6 {--> Nijboer-Kuijf CBM26})
12. Nxe7 Qxe7 13. c4 (13. O-O {--> Thorhalsson-Harestad CBM25}) (13. c3 {
--> Velimirovic-Simic CBM24, Dolmatov-Tseitlin CBM25}) 13... f5 14. O-O O-O 15.
exf5 $6 (15. Qh5 {/^b1-h7,><f5,><h7} f4 {--> Luther-Beshukov CBM21} (15... Rb8
{--> Vukovic-Spasov CBM24}) (15... bxc4 {--> Kunze-Muse CBM24})) (15. Re1 {
><e4,/^e4-a8,/^f1-a6} Qg5 {--> Lau-Muse CBM24}) 15... e4 (15... bxc4 16. Be4
Rb8 17. Nxc4 $16 {[+] /\b3,Qf3,Rd1}) (15... Bb7 16. Re1 b4 (16... e4 $6 17.
Bxe4 $5 Bxe4 18. Qg4 {/\f6,f3} Kh8 (18... Qf6 19. Rxe4 Qxb2 20. Rb1 $40) (18...
Rae8 19. f3 $16) 19. Rxe4 Qf6 $16) 17. Nc2 $16 {><e4,><d5}) 16. f6 (16. Re1
Bxf5 {/\Rfe8, קb2,Na3}) 16... Bxf6 (16... Qxf6 17. Bxe4 Ra7 18. Rb1 $16) 17.
Re1 $8 d5 $1 {/^a3-f8,/^g2-a8} (17... Bf5 {Nunn} 18. Bxe4 Bxe4 19. Qg4+ Bg7 20.
Rxe4 f5 21. Rxe7 fxg4 22. Rb1 Rac8 (22... Bd4 23. Re2 Rae8 24. Rd2 $1 (24. Rxe8
Rxe8 25. Nc2 Bb6 26. cxb5 Re2 27. Ne3 axb5 $44) 24... Bc5 25. cxb5 (25. b4 $4
Bxb4 {>< <->1}) 25... Bxa3 26. bxa3 axb5 27. Kf1 $16) 23. b3 (23. Re4 d5 24.
Rxg4 dxc4 25. Nc2 $44) 23... d5 $13 {/\24.cb Bb2; 24.cd Bb2}) (17... Bb7 18.
Bxe4 {--> 17...Bf5}) 18. cxd5 Bxb2 19. Bxe4 {/\Bh7,Re7} (19. d6 Qxd6 20. Bxe4
Qxd1 21. Raxd1 Rb8 $15 {_|_ ^^}) 19... Qxa3 20. Re3 (20. d6 {/^a8-g2,/^a2-g8,/
^a3-f8} Ra7 21. Qh5 (21. Re3 Qc5 $15 {/\f5,קd6}) 21... f5 22. Bd5+ Kh8 $17) (
20. Rb1 f5 21. Bf3 Bd7 $17 {/\Rae8}) 20... Qd6 21. Bxh7+ $5 (21. Rb1 Bg7 $17 {
/\f5} (21... f5 22. Rxb2 fxe4 23. Rxe4 Bf5 24. Rd4 Rae8 25. a4)) 21... Kxh7 22.
Qc2+ Qg6 (22... f5 23. Qxb2 Qf6 (23... f4 {/\/^c8-h3} 24. Re5 {/\Rh5 ->}) 24.
Re5 {/\Rae1 |^}) 23. Qxb2 Rg8 24. Rg3 (24. g3 Bf5 $17 {/\Rd8-d6,Qf6,Bg6}) 24...
Qe4 25. Qf6 $6 (25. Rd1 $142 Rg6 $142 {/\><f6} (25... Bg4 26. Qd4 $1 (26. f3
Qe3+ 27. Kh1 Bh5 (27... Bf5 28. Qf6)) 26... Qxd4 (26... Qe2 $5 $13) 27. Rxd4
Bh5 28. Rh3 Rg5 29. g4 (29. f4 Rf5 30. g4 Rg8 31. g5 Kg6) 29... Rag8 30. Kf1 {
_|_ R+4P:R+3P}) (25... Rxg3 26. hxg3 Bf5 27. Qf6 {/\Rd4-h4-h8 #}) (25... Bf5
26. Qf6) 26. Rxg6 Qxg6 27. Qe5 Bg4 $36) 25... Rxg3 26. hxg3 Qxd5 27. Re1 Bf5 (
27... Bb7 28. f3 $1 (28. Qh4+ Kg6 29. Qg4+ Qg5 30. Qd7 Bd5 $19) 28... Qc5+ 29.
Kf1 Bd5 30. Qf5+ Kg7 31. Qg5+ Kh7 32. Qh5+ Kg7 33. Qg5+ Kf8 34. Qh6+ Kg8 $10) (
27... Qf5 {קf7, /\_|_ R+4P:R+B+3P}) 28. Re5 $6 (28. g4 Bg6 (28... Bxg4 $2 29.
Re5 Qd1+ 30. Kh2 Bh5 31. Qh4 Kg7 32. Rxh5 Qxh5 $1 33. Qxh5 Rh8 $10) 29. Re3 {
->>>} Kg8 30. Rh3 Bh7 31. Qh6 Qe4 $17 {/\Qg6,Re8}) 28... Qd1+ 29. Kh2 Bg6 30.
Re4 (30. f4 Rh8 $19) 30... Bxe4 31. Qxf7+ Kh6 (31... Kh8 32. Qf6+ Kg8 33. Qe6+
(33. Qg5+ Kh7 {--> main line}) 33... Kf8 $1 $19) 32. Qf4+ Kg7 33. Qe5+ Kf7 34.
Qf4+ Kg8 (34... Ke7 $4 35. Qxe4+ {/\Qa8}) 35. Qg5+ Kh7 36. Qh4+ Kg7 37. Qe7+
Kh6 $1 38. Qxe4 (38. Qf6+ Bg6 39. Qf4+ Kh7 40. Qc7+ Kg8 $19) 38... Qh5+ 39. Kg1
Re8 40. Qf4+ Kh7 41. f3 Qc5+ 42. Kh2 Kg6 0-1

[Event "Hoogovens-B"]
[Site "Wijk aan Zee"]
[Date "1992.01.??"]
[Round "1"]
[White "Wolff, Patrick G"]
[Black "Kuijf, Marinus"]
[Result "1-0"]
[WhiteElo "2570"]
[BlackElo "2440"]
[Annotator "Blatny,P"]
[PlyCount "73"]
[EventDate "1992.01.??"]
[EventType "tourn"]
[EventRounds "11"]
[EventCountry "NED"]
[EventCategory "10"]
[SourceTitle "CBM 028"]
[Source "ChessBase"]
[SourceDate "1992.06.01"]
[SourceVersion "1"]
[SourceVersionDate "1992.06.01"]
[SourceQuality "1"]

1. e4 c5 2. Nf3 Nc6 3. d4 cxd4 4. Nxd4 Nf6 5. Nc3 e5 6. Ndb5 d6 7. Bg5 a6 8.
Na3 b5 9. Nd5 Be7 10. Nxe7 Nxe7 (10... Qxe7 11. c4 Nd4 12. Bd3 Qb7 13. f3 Be6
14. O-O b4 15. Nc2 Nxc2 16. Qxc2 Nd7 $10 {Gufeld-Dvoretskij, USSR 1978}) 11.
Bd3 (11. f3 {--> Perovic-Markovic, Wien 1990 CBM21}) (11. Qf3 {-->
Yudasin-Chekhov USSR(ch) 1991 CBM27}) (11. Bxf6 gxf6 12. Qf3 f5 13. exf5 d5 $1
(13... Bxf5 14. Bd3 Be6 15. O-O O-O 16. c4 f5 17. Rfd1 Kh8 18. Bf1 d5 19. Qe3
Qd6 20. f4 exf4 21. Qd4+ Kg8 22. cxb5 $16 {Lanc-Kouatly, Trnava 1987}) 14. f6 {
Mokry-Kristensen, Gausdal 1989} Ng6 {/\Bb7,Qb6}) 11... Bb7 (11... d5 {-->
Aseev-Vyzmanavin, USSR(ch) 1990 CBM21}) 12. Qe2 (12. Bxf6 gxf6 13. Qe2 (13. c4
bxc4 14. Nxc4 d5 15. exd5 Qxd5 16. Nd6+ $132 {Smyslov-Sveshnikov, Lvov 1978}) (
13. Qd2 d5 $1 (13... O-O 14. O-O-O Kh8 15. Rhe1 Rg8 16. g3 Qc7 17. Kb1 Rad8 18.
Qh6 Rg6 19. Qc1 Nc6 20. c3 $14 {Ehlvest-Ivanovic, Vrsac 1987}) 14. exd5 Qxd5
15. f3 (15. O-O-O O-O-O 16. Qb4 {/\Qg4} Qe6 17. Bxb5 $13 {Kozlov-Kishnev, USSR
1988}) 15... O-O-O 16. Nb1 f5 17. Nc3 Qc5 18. Qf2 $10 {Pavlovic-Kishnev, Pula
(op) 1988}) 13... d5 14. c3 {Mikhalchishin-Sturua, USSR 1979} dxe4 15. Bxe4
Bxe4 16. Qxe4 Qd5 17. Qxd5 Nxd5 18. O-O-O $14) 12... Ng6 (12... Nd7 13. b4 f6
14. Bd2 f5 (14... O-O 15. c4 f5 16. f3 {Zeziulkin-Ambarcumjan, Podolsk 1990})
15. c4 Nf6 16. f3 fxe4 17. fxe4 $14 {Chiburdanidze-Zaitchik, USSR 1979}) (12...
d5 $5 {Totsky-Mansurov, USSR 1987}) 13. c4 b4 14. Nc2 a5 (14... h6 15. Bxf6 (
15. Bd2 a5) 15... Qxf6 16. Nxb4 Nf4 17. Qf3 Qg6 $13) 15. f3 h6 16. Be3 (16. Bd2
Nd7 17. Ne3 Nf4 18. Qf1 Nc5 $10) 16... Nd7 17. O-O O-O 18. Qd2 Qc7 (18... Nc5)
19. Rfd1 Nc5 20. Bf1 Rad8 21. Qf2 (21. Bf2 f5 $10) 21... Ne7 (21... f5 22. exf5
Rxf5 23. Bxc5 $16) 22. g4 Qc6 23. b3 Rb8 (23... h5 {/\gh,f5}) 24. Rd2 $16 {
/\Rad1 <->d} Nxe4 25. fxe4 Qxe4 (25... f5 26. gxf5 Qxe4 (26... Nxf5 27. Bg2 $18
) (26... Rxf5 27. Qg3 {/\Bg2 +-}) 27. Bg2 $18) 26. Qg2 Qh7 (26... Qg6 27. Qg3)
27. Qh3 f5 28. gxf5 Nxf5 29. Bg2 Qg6 30. Kh1 Qf7 31. Bxb7 Qxb7+ 32. Qg2 e4 33.
Rd5 a4 34. Qg4 Qd7 35. Nd4 h5 36. Qh3 g6 37. Rg1 1-0

[Event "Gausdal Int"]
[Site "Gausdal"]
[Date "1991.??.??"]
[Round "4"]
[White "Stefansson, Hannes"]
[Black "Krasenkow, Michal"]
[Result "0-1"]
[WhiteElo "2470"]
[BlackElo "2550"]
[Annotator "Blatny,P"]
[PlyCount "82"]
[EventDate "1991.08.??"]
[EventType "swiss"]
[EventRounds "9"]
[EventCountry "NOR"]
[SourceTitle "CBM 025"]
[Source "ChessBase"]
[SourceDate "1991.12.01"]
[SourceVersion "1"]
[SourceVersionDate "1991.12.01"]
[SourceQuality "1"]

1. e4 c5 2. Nf3 Nc6 3. d4 cxd4 4. Nxd4 Nf6 5. Nc3 e5 6. Ndb5 d6 7. Bg5 a6 8.
Na3 b5 9. Bxf6 gxf6 10. Nd5 f5 11. Bd3 Be6 12. O-O Bxd5 $5 (12... Bg7 13. Qh5)
13. exd5 Ne7 14. c4 $5 (14. Qh5 {Kuzmin} e4 15. Be2 Bg7 (15... Rg8 $5 16. f3 $5
Nxd5 17. fxe4 Ne3 18. Rf2 Qb6 19. g3 Rc8 20. c3 d5 $1 21. exd5 Bxa3 22. bxa3
Qf6 23. Re1 Qxc3 24. Bxb5+ $1 $13 {Kozlov-Jurtaev, USSR 1983}) 16. c3 O-O (
16... b4 $6 17. cxb4 Bxb2 18. Rab1 $1 Bxa3 19. Rb3 $36) (16... Qd7 17. Rad1 O-O
18. f4 Rac8 $10 {Chiburdanidze-Staniszewski, Polanica Zdroj 1984}) 17. Nc2 f4
18. Qg5 f5 $1 (18... Ng6 19. Qxd8 Rfxd8 20. a4 $14) 19. Qxf4 Nxd5 $13) 14...
Bg7 15. Qd2 (15. cxb5 $6 e4 16. Be2 Bxb2 17. Nc4 Bxa1 18. Qxa1 O-O $1 $17)
15... bxc4 $5 (15... e4 16. Be2 bxc4 17. Nxc4 O-O 18. Rad1 (18. Rac1 Rb8 19. b3
Rb5 $132 {Huebner-Sax, Tilburg 1979}) 18... Rb8 19. Qf4 $1 Rb5 (19... Bxb2 $6
20. f3 $1 e3 21. Qxe3 Ng6 22. f4 Rc8 23. Qd2 $16 {Minasian-Krasenkov, Baku 1979
}) 20. Ne3 $1 Rxb2 21. Bc4 Qd7 22. Bb3 $14) 16. Nxc4 O-O 17. f4 $6 (17. Rad1
$142 e4 (17... Rb8 18. b3 e4 (18... Rb5 19. Ne3 f4 $8 20. Nf5 $1 Nxf5 21. Bxf5
$16 {^-}) (18... Nxd5 $2 19. Bxf5 Ne7 20. Nxd6 $18) 19. Be2 Rb5 20. Ne3 f4 21.
Ng4 Rxd5 (21... f5 22. Bxb5 fxg4 23. Bxa6 Qe8 24. Rfe1 Qg6 25. Bf1 $18) 22.
Qxf4 f5 23. Rxd5 Nxd5 24. Bc4 fxg4 25. Qxe4 $18 {_|_}) 18. Be2 Rb8 {--> 15...e4
}) 17... e4 18. Be2 Rb8 {/\Rb5 ><d5} 19. Rab1 Rb5 20. Ne3 $8 Qb6 $1 $17 21. Kh1
(21. Bxb5 Bd4 $1 22. Rfe1 $8 Nxd5 23. Kh1 $8 Nxe3 24. Be2 d5 {/\Bc5/Bg7,d4-d3-+
}) 21... Rxb2 22. Rxb2 Qxb2 23. Qxb2 Bxb2 24. Rd1 Ba3 25. Bxa6 Bc5 {-/+/-+} 26.
Nf1 Rb8 27. Bc4 Rb4 28. Rc1 (28. Bb3 e3 $19) 28... Kg7 29. h3 Kf6 30. g4 Ng6
31. g5+ Kg7 32. Ng3 Nxf4 33. Nxf5+ Kg6 34. Ng3 Nd3 35. Bxd3 exd3 36. Rd1 Rd4
$19 37. a4 Bb4 38. Kg2 Kxg5 39. Kf3 Rf4+ 40. Kg2 (40. Ke3 Bc5+ $19) 40... d2
41. Nf1 Re4 (41... Re4 42. Kf2 Re1 43. Ne3 Bc5 $19) 0-1

[Event "Dortmund-C"]
[Site "Dortmund"]
[Date "1991.??.??"]
[Round "5"]
[White "Mainka, Romuald"]
[Black "Sakaev, Konstantin"]
[Result "0-1"]
[WhiteElo "2430"]
[BlackElo "2450"]
[Annotator "Blatny,P"]
[PlyCount "76"]
[EventDate "1991.03.23"]
[EventType "tourn"]
[EventRounds "9"]
[EventCountry "GER"]
[EventCategory "8"]
[SourceTitle "CBM 023"]
[Source "ChessBase"]
[SourceDate "1991.08.01"]
[SourceVersion "1"]
[SourceVersionDate "1991.08.01"]
[SourceQuality "1"]

1. e4 c5 2. Nf3 Nc6 3. d4 cxd4 4. Nxd4 Nf6 5. Nc3 e5 6. Ndb5 d6 7. Nd5 Nxd5 8.
exd5 Ne7 (8... Nb8 {/\ Nd7,f5,Nf6}) 9. c4 (9. c3 {><d4} Nf5 10. a4 Be7 11. Bd3
O-O 12. O-O a6 13. Na3 Nh4 14. f4 f5 15. Nc4 Ng6 {Gallagher-Muse,Germany 1990})
9... Nf5 10. Bd3 Be7 11. O-O O-O 12. Kh1 a6 (12... g6 13. Nc3 Qb6 $5 {
Tal-Kristensen,Saint John 1988}) 13. Nc3 Nh4 (13... Nd4 14. Be3 Bd7 15. a4 Rb8
16. f4 Qc7 17. b4 $14 {Voronova-Fatalibekova,USSR 1977}) 14. f4 f5 15. Qc2 e4
16. Be2 g5 $5 17. fxg5 Bxg5 18. b4 Bf6 19. Bh6 Rf7 20. Rad1 Ng6 21. Qd2 Be5 22.
Bg5 Qf8 23. Bh5 Bd7 24. Ne2 b5 25. Nf4 bxc4 26. Qc2 Qc8 27. Bxg6 hxg6 28. Nxg6
Qe8 29. Nxe5 dxe5 30. Qc3 f4 31. g3 e3 32. Rde1 Bh3 33. Rg1 Qd7 34. Qxe5 Rf5
35. Qd4 Rxd5 36. Qxc4 Rc8 37. Qb3 Kh7 38. gxf4 Rd3 0-1

[Event "Cheliabinsk"]
[Site "Cheliabinsk"]
[Date "1991.??.??"]
[Round "?"]
[White "Kholmov, Ratmir D"]
[Black "Filipenko, Alexander V"]
[Result "1-0"]
[WhiteElo "2445"]
[BlackElo "2370"]
[Annotator "Blatny,P"]
[PlyCount "79"]
[EventDate "1991.??.??"]
[EventType "tourn"]
[EventRounds "11"]
[EventCountry "URS"]
[EventCategory "7"]
[SourceTitle "CBM 025"]
[Source "ChessBase"]
[SourceDate "1991.12.01"]
[SourceVersion "1"]
[SourceVersionDate "1991.12.01"]
[SourceQuality "1"]

1. e4 c5 2. Nf3 Nc6 3. d4 cxd4 4. Nxd4 Nf6 5. Nc3 e5 6. Ndb5 d6 7. Nd5 Nxd5 8.
exd5 Ne7 9. c4 (9. c3 Ng6 $6 10. Qa4 $1 Bd7 11. Qc4 $1 Bxb5 $8 (11... Rc8 12.
Qb4 $1) 12. Qxb5+ Qd7 13. a4 $1 a6 14. Qxd7+ Kxd7 {+/-/+/= ^^}) 9... Ng6 (9...
g6 $4 10. Qa4 $18 {Lysenko-Kostipa, USSR 1976}) (9... a6 $2 10. Qa4 $1 axb5 11.
Qxa8 bxc4 (11... g6 12. c5 $1 f6 13. Bxb5+ Kf7 14. Bc4 $18) 12. Bxc4 $18) (9...
f5 $5 10. Bg5 (10. Qa4 Kf7) (10. c5 Ng6 $13) 10... h6 11. c5 $1 hxg5 $1 12.
Nxd6+ Kd7 13. Qa4+ Kc7 14. Qa5+ b6 15. cxb6+ axb6 16. Qxa8 Qxd6 17. Rc1+ Kd8
$13 {Nagy-Forgacs, Budapest 1980, Kholmov-Donchev, Varna 1986}) (9... Nf5 {><d4
} 10. Bd3 Be7 (10... g6 11. O-O (11. Qa4 Bd7 12. Bxf5 gxf5 13. Qb4 Qb8 $13 {
/\a6-b5}) 11... Bg7 {/\Nd4}) (10... a6 $2 11. Qa4 Ke7 $8 12. Nc3 $16) 11. O-O
a6 12. Nc3 O-O 13. b4 Nh4 14. f4 $1 $14 exf4 (14... Qb6+ 15. Kh1 Qxb4 16. Qe1
$1 Bf5 17. Bxf5 Nxf5 18. fxe5 Nd4 $5 19. Rb1 Qxc4 20. Rxb7 $16) 15. Bxf4 Ng6
16. Bxg6 hxg6 17. c5 $1 $36 {Nunn-Wockenfuss, Haifa(ol) 1976}) 10. Qa4 (10. h4
a6 (10... Be7 11. h5 Nh4 (11... Nf8 12. c5 $1) 12. c5 Qa5+ $132) 11. h5 (11.
Nc3 Be7 (11... Nxh4 12. c5 {/\Qa4xh4}) 12. g3 O-O 13. h5 Nh8 14. Qb3 f5 $13 {
Tisdall}) 11... axb5 (11... Nh4 12. Bg5 $2 Qxg5 13. Nc7+ Kd8 14. Nxa8 Nxg2+ $40
) 12. hxg6 fxg6 13. cxb5 Be7 14. Bd3 Bf5 $10) (10. Bd3 Be7 (10... f5 11. Qh5 $5
) 11. O-O O-O 12. Be3 a6 13. Nc3 f5 $13) 10... Bd7 11. Qb4 {--> 9.c3 Ng6 10.
Qa4! Bd7 11.Qc4!} Qb8 (11... Bf5 12. Be3 $1 b6 (12... Qb8 13. Qa4 $1) (12... a6
13. Nc3 {><b6}) 13. a4 $16) (11... Bxb5 12. Qxb5+ Qd7 13. a4 {+/=/=}) 12. a4 (
12. Be3 b6 (12... Be7 $6 13. c5 $1) (12... f5 13. Qa5 Kf7 $1 14. Qc7 (14. Bxa7
Qc8) (14. Nxa7 Be7) 14... Qxc7 15. Nxc7 Rc8 16. Ne6 Bxe6 17. dxe6+ Kxe6 18.
Bxa7) (12... a6 13. Nc3 f5 14. Na4 {><b6 Panchenko-Kim, USSR 1979}) 13. Be2 Be7
14. O-O O-O 15. a4 {Kholmov-Filipenko, Jurmala 1981} f5 $1) 12... Be7 13. Be2
O-O 14. a5 a6 (14... f5 $132) 15. Nc3 Nh4 $5 {/\->>>} 16. O-O Qc8 17. f4 $5 Re8
(17... exf4 18. Bxf4 $16 {><d6}) 18. Rf2 $5 (18. fxe5 dxe5 19. d6 {/\c5}) 18...
exf4 19. Bxf4 Bf6 $1 20. Rd1 Nf5 21. Bxd6 (21. Kh1 Bd4 22. Rff1 Bxc3 $19) 21...
Bd4 22. Rxd4 Nxd4 23. Bf1 $44 Nf5 24. Bf4 Ne3 25. Bd3 Ng4 26. Rf1 Bf5 27. Be2
$1 (27. Bxf5 Qxf5 {/\Re1 29.Re1 Qf4 -+} 28. Qxb7 Qd3 {/\Qd4+} 29. Bg3 (29. Rd1
$4 Qxd1+ $19) (29. Qb6 Qxc4 $17) 29... f5 {/\Ne3;f4->}) 27... Ne3 28. Rc1 $6 (
28. Bxe3 Rxe3 29. c5 $44) 28... Bg4 $2 (28... Nc2 $1 29. Qb6 (29. Qd6 $2 Nd4
30. Bf1 Nb3 {/\Bc2-+}) 29... Rxe2 $1 30. Nxe2 Qxc4 $17) 29. Bd3 Bh3 $6 (29...
Bf5 $142) 30. Bxe3 (30. gxh3 $2 Qxh3 31. Bf1 (31. Bxe3 Qxe3+ $19) (31. Be4 Rxe4
$19) 31... Qg4+ 32. Bg3 h5 33. Kh1 h4 34. Bc7 (34. Bf2 Qf3+ 35. Kg1 Nxf1 36.
Kxf1 h3 $19) 34... Qf3+ 35. Kg1 h3 $19) 30... Rxe3 31. Bf1 Bd7 $6 (31... Bf5
32. c5 $16) 32. c5 $1 Rb8 33. Ne4 Qe8 34. Nd6 Qf8 (34... Qe5 35. c6 $18) 35.
Qf4 Re7 36. c6 $18 bxc6 37. dxc6 Rxb2 (37... Be6 38. c7 Ra8 39. Qb4 $18) 38.
cxd7 Rxd7 39. Rc8 Rd8 40. Qxf7+ (40. Qxf7+ Qxf7 41. Rxd8+ Qf8 42. Bc4+ Kh8 43.
Rxf8#) 1-0

[Event "CHN-CIS"]
[Site "Beijing"]
[Date "1991.??.??"]
[Round "?"]
[White "Ye, Jiangchuan"]
[Black "Anastasian, Ashot"]
[Result "1-0"]
[WhiteElo "2545"]
[BlackElo "2485"]
[Annotator "Blatny,P"]
[PlyCount "72"]
[EventDate "1991.??.??"]
[EventType "team"]
[EventRounds "9"]
[EventCountry "CHN"]
[SourceTitle "CBM 028"]
[Source "ChessBase"]
[SourceDate "1992.06.01"]
[SourceVersion "1"]
[SourceVersionDate "1992.06.01"]
[SourceQuality "1"]

1. e4 c5 2. Nf3 Nc6 3. d4 cxd4 4. Nxd4 Nf6 5. Nc3 Qb6 6. Nb3 e6 7. Qe2 Qc7 8.
g4 {/\Bg2,g4-g5} h6 9. Bg2 a6 10. f4 d6 11. Bd2 (11. Be3) 11... b5 12. O-O-O
Bb7 13. Bf3 Be7 14. h4 Nd7 15. Nd5 $1 exd5 16. exd5 Nce5 (16... Nd8 17. Rhe1
Nb6 (17... Nb8 18. Ba5 Qd7 19. Nd4 Kf8 20. Nf5 Bf6 21. g5) 18. Ba5) 17. fxe5
Nxe5 18. Be4 Bc8 19. Rdg1 Qc4 20. Qe1 (20. Qxc4 bxc4 21. Nd4 Bxg4) 20... Bb7 (
20... Bxg4 {<->g} 21. Bc3 h5 22. Bxe5 dxe5 23. d6) 21. g5 Rc8 22. Rh3 {<->3,c}
hxg5 23. Na5 Qc7 (23... Qxa2 24. Ra3 $18) 24. Rc3 Qd7 (24... Qxa5 25. Rxc8+ $18
) 25. Bxg5 Bxg5+ 26. Rxg5 Rxc3 27. Qxc3 Rxh4 {<->1} 28. Qe1 Rh8 (28... Rg4 29.
Rxg4 $18) 29. Rxg7 Kd8 30. Qf2 Qc7 31. Nc6+ Bxc6 32. dxc6 Kc8 33. a4 bxa4 34.
Rg3 Qa5 35. Kb1 Qc7 36. Ra3 Kb8 1-0

[Event "Oslo Cup"]
[Site "Oslo"]
[Date "1991.??.??"]
[Round "5"]
[White "Jansa, Vlastimil"]
[Black "Hellers, Ferdinand"]
[Result "1/2-1/2"]
[WhiteElo "2495"]
[BlackElo "2550"]
[Annotator "Blatny,P"]
[PlyCount "42"]
[EventDate "1991.03.??"]
[EventType "tourn"]
[EventRounds "9"]
[EventCountry "NOR"]
[EventCategory "9"]
[SourceTitle "CBM 023"]
[Source "ChessBase"]
[SourceDate "1991.08.01"]
[SourceVersion "1"]
[SourceVersionDate "1991.08.01"]
[SourceQuality "1"]

1. e4 c5 2. Nf3 Nc6 3. d4 cxd4 4. Nxd4 Nf6 5. Nc3 e5 6. Ndb5 d6 7. Bg5 a6 8.
Na3 b5 9. Bxf6 gxf6 10. Nd5 Bg7 11. c3 f5 12. exf5 Bxf5 13. Nc2 Ne7 14. Nce3
Be6 15. g3 Nxd5 16. Nxd5 O-O 17. Bg2 f5 18. O-O a5 19. a4 {N} (19. Qh5 Rb8 20.
Rad1 Qd7 21. f4 Kh8 22. Kh1 e4 $15 {Olafsson-Kuzmin,Reykjavik 1978}) 19... bxa4
20. Qxa4 Rb8 21. Rfb1 e4 1/2-1/2

[Event "Santa Clara"]
[Site "Santa Clara"]
[Date "1991.??.??"]
[Round "7"]
[White "Diaz Diaz, Joaquin Carlos"]
[Black "Remon, Adelquis"]
[Result "1-0"]
[WhiteElo "2430"]
[BlackElo "2375"]
[Annotator "Blatny,P"]
[PlyCount "71"]
[EventDate "1991.02.??"]
[EventType "tourn"]
[EventRounds "13"]
[EventCountry "CUB"]
[EventCategory "9"]
[SourceTitle "CBM 026"]
[Source "ChessBase"]
[SourceDate "1992.02.01"]
[SourceVersion "1"]
[SourceVersionDate "1992.02.01"]
[SourceQuality "1"]

1. e4 c5 2. Nf3 Nc6 3. d4 cxd4 4. Nxd4 Nf6 5. Nc3 e5 6. Ndb5 d6 7. Bg5 a6 8.
Na3 b5 9. Nd5 Qa5+ (9... Be7 10. Bxf6 Bxf6 11. c3 O-O 12. Nc2 Bg5 13. a4 bxa4
14. Rxa4 a5 15. Bc4 Kh8 16. O-O f5 17. exf5 Bxf5 18. Nce3 Bg6 19. Bd3 Be8 20.
Rc4 Bxe3 21. fxe3 Rxf1+ 22. Qxf1 Bd7 23. Qf7 e4 {/\Ne5} 24. Rxe4 Ne5 25. Rxe5
dxe5 26. Qh5 h6 27. Qg6 Kg8 28. Nb6 Ra7 29. Qh7+ Kf7 30. Bc4+ Be6 31. Qf5+ Qf6
32. Bxe6+ {1:0 Dahlgruen-Guenther, BL-w 1991}) 10. Bd2 Qd8 11. Bg5 Qa5+ 12. Bd2
Qd8 13. Nxf6+ Qxf6 14. Bd3 d5 $6 {N} (14... Qg6 {--> CBM25}) 15. exd5 Nb4 (
15... Bxa3 $6 16. bxa3 Ne7 17. c4 $16 e4 $6 18. Bxe4 $1 Qe5 19. O-O $1 Qxe4 20.
Re1 $18) 16. Be4 $16 {פb4} (16. Bxb4 $2 Bxb4+ 17. c3 Bxa3 18. bxa3 e4 $1 $17)
16... Qh4 (16... Bc5 $142 $22 17. O-O (17. Qf3 Qxf3 18. Bxf3 f5 $13) 17... Qh4
18. Qf3 $2 (18. c3 $1 Qxe4 19. cxb4 $16) 18... f5 {-->line 17...Bc5}) 17. Qf3
Bg4 (17... Bc5 $5 {/\Bxf2 -+} 18. c3 $1 (18. O-O $2 f5 $1 19. Bxf5 O-O 20. Qc3
Bd4 21. Qxb4 Rxf5 22. Be3 (22. c3 Bxf2+ 23. Kh1 Qxh2+ $3) 22... Rh5 23. h3 Bxh3
$1 $19) 18... f5 (18... Bxf2+ 19. Kf1 $1 $18) 19. cxb4 $1 fxe4 20. Qg3 $1 $16)
18. Qe3 $1 (18. Qg3 Qxg3 19. hxg3 f5 20. c3 (20. d6 fxe4 21. Bxb4 Kd7 22. O-O
a5 23. Bc5 Kc6 24. b4 axb4 25. Bxb4 Ra4 26. Rab1 Be6 $13) 20... fxe4 21. cxb4
Rd8 22. Nc2 Rxd5 23. Ne3 Rxd2 24. Kxd2 Bxb4+ 25. Kc2 Be2 $44) 18... f5 19. d6
fxe4 20. Qxe4 Rd8 21. Bxb4 (21. Qxe5+ $4 Kd7 $19) 21... Qg5 (21... Bxd6 22.
Bxd6 Rxd6 23. h3 $18) 22. O-O Bxd6 23. f4 $1 $18 {עe8} Qe7 24. fxe5 Bc5+ 25.
Kh1 Bxb4 26. Qxg4 Bxa3 27. bxa3 Rf8 28. a4 Rxf1+ 29. Rxf1 Qxe5 30. axb5 axb5
31. Qf3 Rd5 32. Qf8+ Kd7 33. Rf7+ Kc6 34. Qc8+ Kb6 35. Rb7+ Ka5 36. Ra7+ 1-0

[Event "Kerteminde"]
[Site "Kerteminde"]
[Date "1991.??.??"]
[Round "8"]
[White "Berg, Klaus"]
[Black "Hansen, Lars Bo"]
[Result "0-1"]
[WhiteElo "2420"]
[BlackElo "2525"]
[Annotator "Blatny,P"]
[PlyCount "102"]
[EventDate "1991.02.??"]
[EventType "tourn"]
[EventRounds "9"]
[EventCountry "DEN"]
[EventCategory "10"]
[SourceTitle "CBM 023"]
[Source "ChessBase"]
[SourceDate "1991.08.01"]
[SourceVersion "1"]
[SourceVersionDate "1991.08.01"]
[SourceQuality "1"]

1. Nf3 c5 2. e4 Nc6 3. d4 cxd4 4. Nxd4 Nf6 5. Nc3 e5 6. Ndb5 d6 7. Bg5 a6 8.
Na3 b5 9. Bxf6 gxf6 10. Nd5 Bg7 11. g3 f5 12. Bg2 (12. exf5 e4 13. c3 Ne5 14.
Qh5 Nf3+ 15. Ke2 Bb7 16. Rd1 O-O 17. Bh3 Re8 18. Nc2 Ne5 19. Nce3 Nd3 $13 {
Alzate-Ochoa de Echaguen,Bayamo 1984}) 12... fxe4 13. Bxe4 Be6 14. c3 (14. Nf6+
$2 Bxf6 15. Bxc6+ Ke7 16. c3 Rc8 17. Bg2 d5 18. Nc2 d4 $36) (14. Qh5 Rc8 15.
O-O Ne7 16. Rad1 Rc5 $5 (16... Nxd5 $10) 17. Nb4 Qb6 18. Qg5 Kf8 19. Qe3 {/\Nd3
} h5 $5 20. Nxa6 Bh6 (20... Qxa6 21. Qxc5 $3 dxc5 22. Rd8#) 21. Rxd6 Qxd6 22.
Qxc5 Qxa6 23. Nxb5 $14) 14... Rc8 15. Nc2 O-O 16. O-O f5 17. Bg2 Kh8 18. a4
bxa4 19. Rxa4 a5 20. Nce3 Rb8 21. Qh5 Bf7 22. Qe2 Qd7 23. Rh4 Bg6 24. Rd1 Rfd8
25. Nc4 Qf7 26. Nde3 e4 27. Rxd6 Ne7 28. Rxd8+ Rxd8 29. f3 Bf6 30. Rh3 Nd5 31.
fxe4 Nxe3 32. Nxe3 fxe4 $17 {^^} 33. Ng4 Qa7+ 34. Kh1 Bg7 35. Ne3 a4 36. g4 a3
37. bxa3 Qxa3 38. Nf1 Qc1 39. Qe3 Qd1 40. Qg5 Rf8 41. Kg1 Qd6 42. Re3 Be5 43.
Re2 Bxc3 44. Qc1 Qd3 45. Rc2 Bd4+ 46. Kh1 e3 $19 47. Rc8 Rxc8 48. Qxc8+ Kg7 49.
Qd7+ Bf7 50. Ng3 e2 51. Nh5+ Kh8 0-1